000 00305nam a22001337a 4500
008 170516b xxu||||| |||| 00| 0 eng d
020 _a9780312204587
041 _aeng
080 _a94 100
100 _a16
101 _aSHH
245 _aTHE WEST IN THHE WIDER WORLD
_cSMITH.D.K
942 _2udc
_cBK
999 _c13341
_d13341